Państwa z spadkiem w populacji - Statystyki

Ogólne statystyki
  • Ten quiz został rozwiązany 10 razy
  • Średni wynik to 10 z 23
Statystyki odpowiedzi
Spadek Okres Powód Państwo % Poprawnych
5,86 mln 1994–2008 Demografia Rosja
100%
15,8 mln + 1993– Demografia / wojna Ukraina
100%
15 – 45 mln 1958–1962 Głód Chiny
75%
1,13 mln 1973–1984 Demografia Niemcy
75%
5,17 mln 2010– Demografia Japonia
63%
3,95 mln 2012–2016 Wojna Syria
63%
3,13 mln 1979–1983 Wojna Afganistan
50%
1,30 mln 1992– Wojna / ludobójstwo / demografia Bośnia i Hercegowina
50%
3,58 mln + 1991– Demografia Rumunia
50%
2,74 mln 2017–2022 Zapaść ekonomiczna Wenezuela
50%
1,01 mln 1993– Demografia Białoruś
38%
1,25 mln 1950–1954 Wojna Korea Północna
38%
1,19 mln 2015– Powrót uchodźców? Liban
38%
2,34 mln 1980– Demografia Bułgaria
25%
1,75 mln 1989– Demografia Gruzja
25%
1,45 mln + 1993– Demografia Mołdawia
25%
2,65 mln 1994–1995 Wojna / ludobójstwo Rwanda
25%
1,02 mln + 1980– Demografia Węgry
25%
1,56 mln 2014– Demografia Włochy
25%
1,84 mln 1992–2000 Demografia Kazachstan
13%
1,15 mln 1990–1991 Wojna Kuwejt
13%
1,09 mln 1992– Demografia Litwa
13%
1,00 mln 1975–1979 Ludobójstwo Kambodża
0%
Nie znaleziono quizów pasujących do podanych kryteriów
Rozkład punktacji
Procent ludzi z każdym wynikiem
Percentyl według liczby udzielonych odpowiedzi
Twoja historia wyników
Nie rozwiązałeś tego quizu